Klicke Schnell (SVG) - Plötzlicher Tod! - Statistiken

Allgemein
  • Dieses Quiz wurde 748 mal gespielt
  • Das Durchschnittsergebnis liegt bei 25 aus 36
Antworten auf der Karte
Die Antworten werden auf der Karte rot bzw. grün angezeigt, abhängig davon wie oft sie richtig erraten wurden.
 
Antwortstatistiken
Antwort % Korrekt
Orange
73%
Hellblau
72%
Hellgrün
72%
Gelb
71%
Orange
71%
Dunkelgrün
70%
Dunkelgrün
70%
Hellblau
70%
Lila
70%
Lila
70%
Dunkelgrün
69%
Rosa
69%
Rot
69%
Dunkelblau
68%
Dunkelgrün
68%
Gelb
68%
Gelb
68%
Gelb
68%
Hellgrün
68%
Hellgrün
68%
Orange
68%
Rosa
68%
Rot
68%
Dunkelblau
67%
Hellblau
67%
Hellgrün
67%
Lila
67%
Rosa
67%
Rot
67%
Rot
66%
Hellblau
65%
Orange
65%
Rosa
65%
Dunkelblau
64%
Dunkelblau
64%
Lila
64%
Keine übereinstimmenden Quizze gefunden
Verteilung der Resultate
Anzahl Personen mit jedem Resultat
Perzentil nach korrekt beantworteten Fragen
Ihre Resultats-Entwicklung
Sie haben dieses Quiz noch nicht gespielt